000 01164cam a2200313 a 4500
001 2742
003 FISKH
005 20240111154232.0
008 920727s1993 nyua j 000 1 eng
010 _a 92060973
020 _a0679834869 :
_c9780679834861
040 _aDLC
_cDLC
_dDLC
_beng
042 _alcac
050 0 0 _aPZ7. M5132 1993
082 0 0 _a[E]
_220
100 _aRoss, Anna
245 0 0 _aMeet the Sesame Street babies :
_bfeaturing Jim Henson's Sesame Street Muppets /
260 _aNew York :
_bRandom House,
_c1993.
300 _a10 unnumbered pages ;
_bcolor illustrations ;
_c20 cm.
500 _aOn board pages.
505 _aG
520 _aPhotographed in full color. Presenting...the huggable, lovable Sesame Street Babies! Baby Big Bird and Babies Ernie, Bert, Cookie Monster, and Prairie Dawn are cuter than ever in this bright, playful board book illustrated with bright, crisp close-up color photographs.
521 8 _a370
_bLexile estimate
521 8 _aG
_bRaz-Plus
650 1 _aBabies
_xFiction.
650 1 _aPuppets
_xFiction.
906 _a7
_bcbc
_corignew
_d2
_eopcn
_f19
_gy-gencatlg
942 _2ddc
_cBK
_n0
999 _c2742
_d2742